<?xml version="1.0" encoding="UTF-8"?>
<record
    xmlns:xsi="http://www.w3.org/2001/XMLSchema-instance"
    xsi:schemaLocation="http://www.loc.gov/MARC21/slim http://www.loc.gov/standards/marcxml/schema/MARC21slim.xsd"
    xmlns="http://www.loc.gov/MARC21/slim">

  <leader>01168nam a2200277 a 4500</leader>
  <controlfield tag="001">000029826</controlfield>
  <controlfield tag="005">20200120222148.0</controlfield>
  <controlfield tag="008">070410s2001    espa   gr0          000 d</controlfield>
  <datafield tag="020" ind1=" " ind2=" ">
    <subfield code="a">84-951-50-90-5</subfield>
  </datafield>
  <datafield tag="090" ind1=" " ind2=" ">
    <subfield code="a">A</subfield>
    <subfield code="b">VAU</subfield>
  </datafield>
  <datafield tag="100" ind1="0" ind2=" ">
    <subfield code="a">Vaugelade, Ana&#xEF;s</subfield>
  </datafield>
  <datafield tag="245" ind1="1" ind2="0">
    <subfield code="a">Una sopa de piedra /</subfield>
    <subfield code="c">Ana&#xEF;s Vaugelade ; traducci&#xF3;n : Julia Vinent.</subfield>
  </datafield>
  <datafield tag="250" ind1=" " ind2=" ">
    <subfield code="a">1a. ed.</subfield>
  </datafield>
  <datafield tag="260" ind1=" " ind2=" ">
    <subfield code="a">Barcelona :</subfield>
    <subfield code="b">Corimbo,</subfield>
    <subfield code="c">2001.</subfield>
  </datafield>
  <datafield tag="300" ind1=" " ind2=" ">
    <subfield code="a">ca. [30] p. : il. col.</subfield>
  </datafield>
  <datafield tag="517" ind1=" " ind2=" ">
    <subfield code="a">Une soupe au caillou</subfield>
  </datafield>
  <datafield tag="500" ind1=" " ind2=" ">
    <subfield code="a">Ej.1 de la Biblioteca Marichuela es la Edici&#xF3;n especial, con ISBN : 9789588787060 del a&#xF1;o 2012.</subfield>
  </datafield>
  <datafield tag="500" ind1=" " ind2=" ">
    <subfield code="b">Ej.1 de la Biblioteca Mosquera es la Edici&#xF3;n especial, con ISBN : 9789588787060 del a&#xF1;o 2012.</subfield>
  </datafield>
  <datafield tag="500" ind1=" " ind2=" ">
    <subfield code="a">Ej.1 de la Biblioteca Carlos E. Restrepo pertenece a la colecci&#xF3;n donada por Bibliored.</subfield>
  </datafield>
  <datafield tag="500" ind1=" " ind2=" ">
    <subfield code="a">Ej.1 de la Biblioteca Carlos E. Restrepo con ISBN: 9789588787060Edici&#xF3;n especial.</subfield>
  </datafield>
  <datafield tag="500" ind1=" " ind2=" ">
    <subfield code="a">Ej.1 Biblioparque Funza. ISBN: 9789588787060. Donaci&#xF3;n Banco de la Rep&#xFA;blica. PNLB 2012</subfield>
  </datafield>
  <datafield tag="650" ind1="1" ind2="4">
    <subfield code="a">ALBUM</subfield>
  </datafield>
  <datafield tag="650" ind1="1" ind2="4">
    <subfield code="a">LITERATURA INFANTIL</subfield>
  </datafield>
  <datafield tag="650" ind1="1" ind2="4">
    <subfield code="a">LIBROS ILUSTRADOS PARA NI&#xD1;OS</subfield>
  </datafield>
  <datafield tag="901" ind1=" " ind2=" ">
    <subfield code="a">Compra, Monserrate, 2006, $43.000.00</subfield>
  </datafield>
  <datafield tag="999" ind1=" " ind2=" ">
    <subfield code="c">1683</subfield>
    <subfield code="d">1683</subfield>
  </datafield>
  <datafield tag="952" ind1=" " ind2=" ">
    <subfield code="0">0</subfield>
    <subfield code="1">0</subfield>
    <subfield code="2">ddc</subfield>
    <subfield code="4">0</subfield>
    <subfield code="7">0</subfield>
    <subfield code="8">LI</subfield>
    <subfield code="a">BPMOS</subfield>
    <subfield code="b">BPMOS</subfield>
    <subfield code="d">2020-01-20</subfield>
    <subfield code="i">NT</subfield>
    <subfield code="l">8</subfield>
    <subfield code="m">2</subfield>
    <subfield code="o">A VAU</subfield>
    <subfield code="p">MOS013690</subfield>
    <subfield code="r">2025-10-18</subfield>
    <subfield code="s">2025-08-16</subfield>
    <subfield code="t">ej.1</subfield>
    <subfield code="w">2020-01-20</subfield>
    <subfield code="y">BKLIT</subfield>
    <subfield code="z">Quince d&#xED;as</subfield>
  </datafield>
</record>
